000 00464cam a22001457a 4500
008 180718b1962 xxu||||| |||| 00| 0 eng d
082 _aL2x4 F317t
245 _aTaxation in western Europe, 1962: a guide for industrialists
_cby Federation of British Industries
250 _a4th ed.
260 _aLondon
_bFederation of British Industries
_c1962
300 _a242p.
500 _a30/-
650 _aTaxation - Europe
700 _aFederation of British Indsutreies
999 _c365279
_d365279